قانون ضمانات وحوافز الإستثمار /

يضم الكتاب معلومات عن تطور الحاسبات متضمنا تاريخ هذا التطور والأجيال المختلفة للحاسب والخصائص الميزة لهذه الأجيالوكذلك يتضمن معلومات عن أنواع نظم الحاسب والمكونات المادية له ووسائل إتصال البيانات من خلال البرمجة....

全面介绍

Saved in:
书目详细资料
企业作者: الهيئة العامة للإستثمار والمناطق الحرة
格式: 图书
语言:阿拉伯语
出版: القاهرة : الهيئة العامة للإستثمار والمناطق الحرة، 2005.
主题:
标签: 添加标签
没有标签, 成为第一个标记此记录!

MARC

LEADER 00000cam a2200000 a 4500
003 INP
005 20181118234642.0
008 121212t2005 frb 001 0 ara d
952 |0 0  |1 0  |4 0  |6 343_070000000000000_ق_ا  |7 0  |8 arabic_Boo  |9 18030  |a INP  |b INP  |c JOUR  |d 2018-10-24  |l 0  |o 343.07 ق ا  |p 018933  |r 2022-03-28 00:00:00  |w 2018-10-24  |y BK  |0 0 
999 |c 15657  |d 15657 
040 |a EG-INP  |c EG-INP  |b ara 
082 0 4 |a 343.07   |b ق ا  |2 21 
245 0 0 |a قانون ضمانات وحوافز الإستثمار /   |c الهيئة العامة للإستثمار والمناطق الحرة.  
260 |a القاهرة :   |b الهيئة العامة للإستثمار والمناطق الحرة،   |c 2005. 
300 |a 36 ص. ؛   |c 21 سم. 
520 |a يضم الكتاب معلومات عن تطور الحاسبات متضمنا تاريخ هذا التطور والأجيال المختلفة للحاسب والخصائص الميزة لهذه الأجيالوكذلك يتضمن معلومات عن أنواع نظم الحاسب والمكونات المادية له ووسائل إتصال البيانات من خلال البرمجة. 
650 7 |a قوانين  |2 qrmak  |z مصر. 
650 7 |a الإستثمار  |2 qrmak  |z مصر. 
650 7 |a التنمية الاقتصادية.  |2 qrmak 
710 2 |a الهيئة العامة للإستثمار والمناطق الحرة. 
901 |a EGPV30 
902 |a EGPV10 
903 |a original 
942 |c BK  |2 ddc